Hrajeme k tanci a poslechu

Bibliographic Details
Main Author: Adamský, Vladimír (Author)
Other Authors: Havlíček, Dušan, 1923- (auv)
Format: Book
Language:Czech
PhysicalDescription:52, [3] s. 8°
Published: Praha Orbis 1961
Edition:1. vyd.
Series:Edice lid. umělecké tvořivosti

MARC

LEADER 00000nam a2200000 a 4500
001 vtls001096527
003 SK-MaSNL
005 20260301062444.0
008 240314s1961 CS 0 cze
035 |a SNK000039369 
040 |a SNK  |b slo  |c SNK  |e AACR2 
041 0 |a cze 
044 |a CS 
100 1 |a Adamský, Vladimír  |4 aut  |9 376842 
245 1 0 |a Hrajeme k tanci a poslechu  |c Vladimír Adamský ; Úv.: Dušan Havlíček 
250 |a 1. vyd. 
260 |a Praha  |b Orbis  |c 1961 
300 |a 52, [3] s.  |c 8° 
490 0 |a Edice lid. umělecké tvořivosti 
700 1 |a Havlíček, Dušan,  |d 1923-  |4 auv  |9 124765 
958 |a RK 
999 |c 620704  |d 622634 
952 |t P60, <04>, [BOOK], {604}  |a SNK  |b SNK  |y VYP  |7 0  |o snkID 30185  |i snkKIP 272/62  |0 0  |1 0  |4 0  |d 1995-11-24  |l 0  |r 2004-12-31 00:00:00  |w 2026-02-23 
952 |t P60, <04>, [BOOK], {604}  |a SNK  |b SNK  |y VYP  |7 0  |o snkID 30185 D1  |i snkKIP 273/62  |0 0  |1 0  |4 0  |d 1995-11-24  |l 0  |r 2004-12-31 00:00:00  |w 2026-02-23